Państwa świata bez mapy - Statystyki

Ogólne statystyki
  • Ten quiz został rozwiązany 1 024 razy
  • Średni wynik to 144 z 196
Statystyki odpowiedzi
Odpowiedź % Poprawnych
Polska
92%
Francja
89%
Rosja
89%
Szwecja
89%
Albania
87%
Austria
87%
Belgia
87%
Białoruś
87%
Czechy
87%
Dania
87%
Estonia
87%
Finlandia
87%
Hiszpania
87%
Litwa
87%
Łotwa
87%
Portugalia
87%
Andora
86%
Holandia
86%
Niemcy
86%
Norwegia
86%
Słowacja
86%
Szwajcaria
86%
Watykan
86%
Wielka Brytania
86%
Bośnia i Hercegowina
85%
Grecja
85%
Islandia
85%
Luksemburg
85%
San Marino
85%
Słowenia
85%
Ukraina
85%
Chorwacja
84%
Irlandia
84%
Włochy
84%
Bułgaria
83%
Kosowo
83%
Liechtenstein
83%
Macedonia Północna
83%
Mołdawia
83%
Monako
83%
Rumunia
83%
Serbia
83%
Czarnogóra
82%
Kanada
82%
Malta
82%
Stany Zjednoczone
82%
Węgry
82%
Australia
80%
Brazylia
80%
Chiny
80%
Turcja
79%
Afganistan
77%
Argentyna
77%
Chile
77%
Ekwador
77%
Korea Południowa
77%
Meksyk
77%
Japonia
76%
Korea Północna
76%
Peru
76%
Arabia Saudyjska
75%
Dominika
75%
Egipt
75%
Indonezja
75%
Irak
75%
Iran
75%
Kazachstan
75%
Kuba
75%
Mongolia
75%
Nowa Zelandia
75%
Oman
75%
Urugwaj
75%
Wenezuela
75%
Algieria
74%
Armenia
74%
Boliwia
74%
Cypr
74%
Dominikana
74%
Indie
74%
Panama
74%
Tajlandia
74%
Azerbejdżan
73%
Belize
73%
Gruzja
73%
Honduras
73%
Jemen
73%
Katar
73%
Kolumbia
73%
Kostaryka
73%
Laos
73%
Maroko
73%
Pakistan
73%
Paragwaj
73%
Republika Południowej Afryki
73%
Demokratyczna Republika Konga
72%
Fidżi
72%
Izrael
72%
Jamajka
72%
Niger
72%
Sudan
72%
Tadżykistan
72%
Turkmenistan
72%
Wietnam
72%
Zjednoczone Emiraty Arabskie
72%
Angola
71%
Bahamy
71%
Gujana
71%
Gwatemala
71%
Gwinea
71%
Haiti
71%
Libia
71%
Nigeria
71%
Salwador
71%
Surinam
71%
Bhutan
70%
Czad
70%
Jordania
70%
Kenia
70%
Kirgistan
70%
Kongo
70%
Malezja
70%
Senegal
70%
Sudan Południowy
70%
Tunezja
70%
Zambia
70%
Bangladesz
69%
Barbados
69%
Brunei
69%
Etiopia
69%
Filipiny
69%
Gwinea Równikowa
69%
Liban
69%
Mali
69%
Nepal
69%
Palau
69%
Saint Lucia
69%
Singapur
69%
Timor Wschodni
69%
Uzbekistan
69%
Wyspy Marshalla
69%
Zimbabwe
69%
Antigua i Barbuda
68%
Erytrea
68%
Kambodża
68%
Kuwejt
68%
Madagaskar
68%
Nikaragua
68%
Saint Kitts i Nevis
68%
Saint Vincent i Grenadyny
68%
Somalia
68%
Syria
68%
Tajwan
68%
Bahrajn
67%
Burundi
67%
Gwinea Bissau
67%
Mauretania
67%
Togo
67%
Trynidad i Tobago
67%
Wyspy Salomona
67%
Grenada
66%
Kamerun
66%
Malediwy
66%
Papua-Nowa Gwinea
66%
Seszele
66%
Sri Lanka
66%
Tanzania
66%
Eswatini
65%
Gambia
65%
Ghana
65%
Lesotho
65%
Mauritius
65%
Mjanma
65%
Mozambik
65%
Nauru
65%
Republika Środkowoafrykańska
65%
Republika Zielonego Przylądka
65%
Samoa
65%
Vanuatu
65%
Wyspy Świętego Tomasza i Książęca
65%
Botswana
64%
Dżibuti
64%
Liberia
64%
Namibia
64%
Tuvalu
64%
Uganda
64%
Benin
63%
Gabon
63%
Kiribati
63%
Komory
63%
Rwanda
63%
Tonga
63%
Mikronezja
62%
Sierra Leone
62%
Wybrzeże Kości Słoniowej
62%
Burkina Faso
59%
Malawi
59%
Nie znaleziono quizów pasujących do podanych kryteriów
Rozkład punktacji
Procent ludzi z każdym wynikiem
Percentyl według liczby udzielonych odpowiedzi
Twoja historia wyników
Nie rozwiązałeś tego quizu